000 00390nam a2200145Ia 4500
008 210210b1978 xxu||||| |||| 00| 0 eng d
082 _a546.3 SIVI
100 _aSIVARAJAN (V).
245 _aIntroduction t structures & metals.
260 _aBangalore
_bV K Publishers
_c1978
300 _ax,7-120,viii
650 _aStructures Metals
690 _aInorganic Chemistry
906 _aCC00317
999 _c109643
_d109643